| 000 | 00807nam a22002297a 4500 | ||
|---|---|---|---|
| 003 | UA-OsUOA | ||
| 001 | 132765 | ||
| 007 | ta | ||
| 008 | 20180907b un ||||| |||| 00| 0 ukr d | ||
| 090 |
_a343.8(094.4)(477) _bН34 |
||
| 942 | _cBK | ||
| 040 |
_aUA-OsUOA _bukr _cUA-OsUOA _dUA-OsUOA |
||
| 245 |
_aНауково-практичний коментар Кримінально-виконавчого кодексу України _bстаном на 4 травня 2018 року _cза заг. ред. С. І. Мінченка |
||
| 300 | _a296 с. | ||
| 955 | _a1 | ||
| 041 | _aukr | ||
| 080 | _a343.8(094.4)(477) | ||
| 020 | _a978-966-370-364-0 | ||
| 260 |
_aК. _bПрофесіонал _c2018 |
||
| 650 | 7 |
_a343 Кримінальне право. Карні порушення _2UDC |
|
| 999 |
_c416311 _d416311 |
||